<?xml version="1.0" encoding="UTF-8"?>
<record
    xmlns:xsi="http://www.w3.org/2001/XMLSchema-instance"
    xsi:schemaLocation="http://www.loc.gov/MARC21/slim http://www.loc.gov/standards/marcxml/schema/MARC21slim.xsd"
    xmlns="http://www.loc.gov/MARC21/slim">

  <leader>01426    a2200169   4500</leader>
  <controlfield tag="008">150320b        xxu||||| |||| 00| 0 eng d</controlfield>
  <datafield tag="020" ind1=" " ind2=" ">
    <subfield code="a">9788448223830</subfield>
  </datafield>
  <datafield tag="020" ind1=" " ind2=" ">
    <subfield code="a">8448223837</subfield>
  </datafield>
  <datafield tag="082" ind1=" " ind2=" ">
    <subfield code="a">707</subfield>
    <subfield code="b">D 536dII</subfield>
  </datafield>
  <datafield tag="100" ind1=" " ind2=" ">
    <subfield code="a">Power, K et all</subfield>
    <subfield code="9">2256</subfield>
  </datafield>
  <datafield tag="245" ind1=" " ind2=" ">
    <subfield code="a">Dialogos Iberoamericanos II Simposio Internacional </subfield>
    <subfield code="b">La identidad Iberoamericana: modernidad y posmodernidad</subfield>
  </datafield>
  <datafield tag="260" ind1=" " ind2=" ">
    <subfield code="a">Espa&#xF1;a</subfield>
    <subfield code="b">Martin impresores S.L</subfield>
    <subfield code="c">1999</subfield>
  </datafield>
  <datafield tag="300" ind1=" " ind2=" ">
    <subfield code="a">195 p.</subfield>
    <subfield code="b">ill.</subfield>
    <subfield code="c">24 cm</subfield>
  </datafield>
  <datafield tag="505" ind1=" " ind2=" ">
    <subfield code="t">Presentaciones</subfield>
    <subfield code="t">Relaci&#xF3;n de conferenciantes</subfield>
    <subfield code="t">Una mirada plural sobre Iberoamerica</subfield>
    <subfield code="r">Kevin Power &amp; Fernando Castro Florez</subfield>
    <subfield code="t">M&#xFA;ltiples mundos en una multiplicidad de historias</subfield>
    <subfield code="r">Kevin Power</subfield>
    <subfield code="t">Tres notas an&#xE1;rquicas. La insubordinaci&#xF3;n, el bricolage y la propaganda </subfield>
    <subfield code="r"> Fernando Castro Florez</subfield>
    <subfield code="t">Aspectos de la formaci&#xF3;n de la identidad cultural en el modernismo Brasile&#xF1;o</subfield>
    <subfield code="r">Fabio Magalhaes</subfield>
    <subfield code="t">Identidad latinoamericana: la utop&#xED;a, un convidado de piedra o re-asumiendo las malas palabras</subfield>
    <subfield code="r">Ana Tiscornia</subfield>
    <subfield code="t">Centroam&#xE9;rica (Y Caribe): poniendo el cascabel al gato</subfield>
    <subfield code="r">Virginia P&#xE9;rez-Ratton</subfield>
    <subfield code="t">M&#xE9;xico en la encrucijada</subfield>
    <subfield code="r">Teresa del Conde</subfield>
    <subfield code="t">El espacio de lo cotidiano y el sabor del etnos: Estudios Culturales Latinoamericanos en la producci&#xF3;n simb&#xF3;lica de lo "diferente" </subfield>
    <subfield code="r">Magaly Espinoza Delgado</subfield>
    <subfield code="t">Chamba Land</subfield>
    <subfield code="r">Jes&#xFA;s Fuenmayor</subfield>
    <subfield code="t">English Translation</subfield>
  </datafield>
  <datafield tag="650" ind1=" " ind2=" ">
    <subfield code="x">Simposio</subfield>
    <subfield code="x">Arte</subfield>
    <subfield code="x">Identidad Iberoamericana</subfield>
    <subfield code="x">Modernidad y posmodernidad</subfield>
    <subfield code="9">2257</subfield>
  </datafield>
  <datafield tag="700" ind1=" " ind2=" ">
    <subfield code="a">Kevin Power et all</subfield>
    <subfield code="9">2258</subfield>
  </datafield>
  <datafield tag="999" ind1=" " ind2=" ">
    <subfield code="c">472</subfield>
    <subfield code="d">472</subfield>
  </datafield>
  <datafield tag="952" ind1=" " ind2=" ">
    <subfield code="0">0</subfield>
    <subfield code="1">0</subfield>
    <subfield code="2">ddc</subfield>
    <subfield code="4">0</subfield>
    <subfield code="7">0</subfield>
    <subfield code="a">LV</subfield>
    <subfield code="b">LV</subfield>
    <subfield code="c">Pensamiento</subfield>
    <subfield code="d">2015-03-20</subfield>
    <subfield code="l">1</subfield>
    <subfield code="o">707 D 536dII</subfield>
    <subfield code="p">000411</subfield>
    <subfield code="r">2021-03-18 00:00:00</subfield>
    <subfield code="s">2019-03-13</subfield>
    <subfield code="w">2015-03-20</subfield>
    <subfield code="y">01</subfield>
  </datafield>
</record>
